Teg [juego] : plan táctico y estratégico de la guerra /
Guardado en:
| Formato: | Objeto Físico |
|---|---|
| Publicado: |
Argentina :
Integral Gráfica,
[200?]
|
| Materias: | |
| Etiquetas: |
Agregar Etiqueta
Sin Etiquetas, Sea el primero en etiquetar este registro!
|
| LEADER | 00795nrm a22001575g 4500 | ||
|---|---|---|---|
| 001 | CEM.cems019309 | ||
| 008 | 130507b200?##################0###0#####d | ||
| 005 | 20220830113559.0 | ||
| 003 | CEMS | ||
| 245 | 0 | 0 | |a Teg [juego] : |b plan táctico y estratégico de la guerra / |c Yetem. |
| 260 | |a Argentina : |b Integral Gráfica, |c [200?] | ||
| 300 | |a 1 juego (1 tablero-mapa, 600 fichas de ejército, 6 dados, 50 tarjetas de países, 15 tarjetas de objetivos secretos) ; en caja 37 x 15 x 4 cm. + manual de instrucciones. | ||
| 500 | |a Para 2 a 6 jugadores. A partir de 8 años. Participe de una apasionante acción bélica donde intervienen lógica, inteligencia y el azar. | ||
| 082 | 0 | 4 | |a J793.92 |
| 653 | |a 1.juegos de estrategia militar 2. juegos de guerra | ||
| 859 | |a CEMS |b BIB. CEMS - Ludoteca |h J793.92 |i Y48 |p 329.06 |t Ej.3 | ||
